| 000 | 00431nam a2200157 i 4500 | ||
|---|---|---|---|
| 001 | 61688 | ||
| 003 | ES-MaACL | ||
| 007 | t| | ||
| 008 | 031113s1912 fr ||||1| fre d | ||
| 100 | 1 |
_aFaguet, Émile, _d1847-1916 _948632 |
|
| 245 | 1 | 2 |
_aL'art de lire / _cpar Emile Faguet. |
| 260 |
_aParis : _bHachette et Cie, _c1912. |
||
| 300 |
_aIV, II, 165 p. ; _c17 cm. |
||
| 852 |
_aES-MaACL _jG-2420 |
||
| 999 |
_c61688 _d61688 |
||